000 00410nam a2200157Ia 4500
008 210716s2012 xx 000 0 und d
020 _a9788126529605
041 _aeng
082 _a004.6005 MOSR
100 _aMoseley, Ralph;Savaliya, M T.
245 _aDeveloping web applications.
250 _a2
260 _aNew Delhi
_bWiley India
_c2012
300 _axxvi,398
650 _aWeb Design & Development
999 _c196033
_d196033